<?xml version="1.0" encoding="UTF-8"?>
<collection xmlns="http://www.loc.gov/MARC21/slim">
 <record>
  <leader>00981nam a22002057a 4500</leader>
  <controlfield tag="001">NCT_70057</controlfield>
  <controlfield tag="008">190916b        xxu||||| |||| 00| 0 vie d</controlfield>
  <datafield tag="999" ind1=" " ind2=" ">
   <subfield code="c">3401</subfield>
   <subfield code="d">3401</subfield>
  </datafield>
  <datafield tag="020" ind1=" " ind2=" ">
   <subfield code="a">9786045956199</subfield>
   <subfield code="c">39000</subfield>
  </datafield>
  <datafield tag="082" ind1="0" ind2="4">
   <subfield code="2">23rd ed.</subfield>
   <subfield code="a">080</subfield>
   <subfield code="b">H513</subfield>
  </datafield>
  <datafield tag="100" ind1="1" ind2=" ">
   <subfield code="a">Nguyễn Mạnh Hùng</subfield>
  </datafield>
  <datafield tag="245" ind1="1" ind2="0">
   <subfield code="a">Hạnh phúc mỗi ngày =</subfield>
   <subfield code="b">Happy book</subfield>
   <subfield code="c">Nguyễn Mạnh Hùng</subfield>
  </datafield>
  <datafield tag="250" ind1=" " ind2=" ">
   <subfield code="a">Tái bản lần 1</subfield>
  </datafield>
  <datafield tag="260" ind1=" " ind2=" ">
   <subfield code="a">H.</subfield>
   <subfield code="b">Lao động</subfield>
   <subfield code="c">2017</subfield>
  </datafield>
  <datafield tag="300" ind1=" " ind2=" ">
   <subfield code="a">105 tr.</subfield>
   <subfield code="b">minh họa</subfield>
   <subfield code="c">15cm</subfield>
  </datafield>
  <datafield tag="520" ind1="3" ind2=" ">
   <subfield code="a">Sách là 93 câu châm ngôn để chiêm nghiệm và rèn luyện bản thân mỗi ngày để hướng tới việc đạt được nguồn hạnh phúc đích thực trong cuộc sống.</subfield>
  </datafield>
  <datafield tag="653" ind1=" " ind2=" ">
   <subfield code="a">Sách tham khảo</subfield>
  </datafield>
  <datafield tag="942" ind1=" " ind2=" ">
   <subfield code="2">ddc</subfield>
   <subfield code="c">BK</subfield>
  </datafield>
  <datafield tag="952" ind1=" " ind2=" ">
   <subfield code="0">0</subfield>
   <subfield code="1">0</subfield>
   <subfield code="2">ddc</subfield>
   <subfield code="4">0</subfield>
   <subfield code="6">080_000000000000000_H513</subfield>
   <subfield code="7">0</subfield>
   <subfield code="9">17921</subfield>
   <subfield code="a">000001</subfield>
   <subfield code="b">000001</subfield>
   <subfield code="d">2019-09-16</subfield>
   <subfield code="o">080 H513</subfield>
   <subfield code="p">TK.00579</subfield>
   <subfield code="r">2019-09-16</subfield>
   <subfield code="v">39000.00</subfield>
   <subfield code="w">2019-09-16</subfield>
   <subfield code="y">BK</subfield>
  </datafield>
  <datafield tag="980" ind1=" " ind2=" ">
   <subfield code="a">Thư viện Trường Đại học Nam Cần Thơ</subfield>
  </datafield>
 </record>
</collection>
